La science polonaise (Registro nro. 139267)
[ vista simple ]
| 000 -LEADER | |
|---|---|
| campo de control de longitud fija | 00633nam a2200169 4500 |
| 001 - NÚMERO DE CONTROL | |
| campo de control | 139267 |
| 003 - IDENTIFICADOR DE NÚMERO DE CONTROL | |
| campo de control | ES-MaACL |
| 005 - FECHA Y HORA DE LA ÚLTIMA TRANSACCIÓN | |
| campo de control | 20230906195737.0 |
| 007 - CAMPO FIJO DE DESCRIPCIÓN FÍSICA--INFORMACIÓN GENERAL | |
| campo de control de longitud fija | t| |
| 008 - DATOS DE LONGITUD FIJA--INFORMACIÓN GENERAL | |
| campo de control de longitud fija | 070214s1925 pl r ||||1| fre d |
| 245 03 - MENCIÓN DEL TÍTULO | |
| Título | La science polonaise |
| Resto del título | : ses besoins, son organisation et ses progrès : resume français des articles... vol. V. |
| 260 ## - PUBLICACIÓN, DISTRIBUCIÓN, ETC. | |
| Lugar de publicación, distribución, etc. | Varsovie : |
| Nombre del editor, distribuidor, etc. | [s. n.], |
| Fecha de publicación, distribución, etc. | 1925. |
| 300 ## - DESCRIPCIÓN FÍSICA | |
| Extensión | 30 p. ; |
| Dimensiones | 25 x 17 cm. |
| 500 ## - NOTA GENERAL | |
| Nota general | Annuaire de la `Caisse J. Mianowski`, Institut d'Encouragement aux Tarvaux Scientifiques. |
| 710 2# - ENTRADA AGREGADA--NOMBRE DE ENTIDAD CORPORATIVA | |
| Nombre de entidad corporativa o nombre de jurisdicción como elemento de entrada | Institut d'Encouragement aux Tarvaux Scientifiques. |
| 9 (RLIN) | 4741 |
| 852 ## - LOCALIZACIÓN | |
| Ubicación | ES-MaACL |
| Número de control de estantería | 1686-F-14 |
| Sublocalización o colección | R.5123 |
| Estatus retirado | Estado de pérdida | Estado de daño | No para préstamo | Colección | Biblioteca de origen | Biblioteca actual | Ubicación en estantería | Fecha de adquisición | Fuente de adquisición | Total de préstamos | Signatura topográfica completa | Código de barras | Visto por última vez | Precio de reemplazo | Tipo de ítem Koha |
|---|---|---|---|---|---|---|---|---|---|---|---|---|---|---|---|
| Colección de folletos | Biblioteca del Ateneo de Madrid | Biblioteca del Ateneo de Madrid | Depósito folletos | 17/01/2008 | 1686-F-14 | 1144931 | 23/02/2023 | 23/02/2023 | Folleto |
